NAVBasics : the earth, costal navigation, tides and passage planning - vol.1 / (Record no. 296)

000 -LEADER
fixed length control field 00568nam a2200169Ia 4500
008 - FIXED-LENGTH DATA ELEMENTS--GENERAL INFORMATION
fixed length control field 190805s9999||||xx |||||||||||||| ||und||
020 ## - INTERNATIONAL STANDARD BOOK NUMBER
International Standard Book Number 9781856094894
Terms of availability £ 75.00
082 04 - DEWEY DECIMAL CLASSIFICATION NUMBER
Classification number 623.89
Item number K5269/V.1
100 1# - MAIN ENTRY--PERSONAL NAME
Personal name Khalique, Abdul
245 10 - TITLE STATEMENT
Title NAVBasics : the earth, costal navigation, tides and passage planning - vol.1 /
250 ## - EDITION STATEMENT
Edition statement 2nd ed.
260 ## - PUBLICATION, DISTRIBUTION, ETC. (IMPRINT)
Place of publication, distribution, etc Scotland :
Name of publisher, distributor, etc Witherby Seamanship International Limited,
Date of publication, distribution, etc 2011, reprinted 2016
300 ## - PHYSICAL DESCRIPTION
Extent 326 p.
Other physical details : col. ill.
Dimensions ; 24 cm.
650 #0 - SUBJECT ADDED ENTRY--TOPICAL TERM
Topical term or geographic name as entry element Navigation
852 ## - LOCATION/CALL NUMBER
Location
942 ## - ADDED ENTRY ELEMENTS (KOHA)
Item type Books
Holdings
Withdrawn status Lost status Damaged status Not for loan Collection code Permanent location Current location Shelving location Date acquired Source of acquisition Cost, normal purchase price Total Checkouts Full call number Barcode Date last seen Date last borrowed Koha item type Public note Total Renewals
        Nautical Science IMU Kochi Library IMU Kochi Library General Stacks 2017-08-07 Sterling Book House 6480.00 1 623.89 K5269/V.1 BK004648 2023-09-01 2023-09-01 Books Shelf-12, Row-2  
        Nautical Science IMU Kochi Library IMU Kochi Library General Stacks 2017-08-07 Sterling Book House 6480.00 7 623.89 K5269/V.1 BK004652 2023-11-10 2023-10-25 Books Shelf-12, Row-2 3
        Nautical Science IMU Kochi Library IMU Kochi Library General Stacks 2017-08-07 Sterling Book House 6480.00 4 623.89 K5269/V.1 BK004656 2022-05-23 2022-05-10 Books Shelf-12, Row-2  
        Nautical Science IMU Kochi Library IMU Kochi Library General Stacks 2017-08-07 Sterling Book House 6480.00 2 623.89 K5269/V.1 BK004660 2023-03-10 2023-03-08 Books Shelf-12, Row-2  
        Nautical Science IMU Kochi Library IMU Kochi Library General Stacks 2017-08-07 Sterling Book House 6480.00 3 623.89 K5269/V.1 BK004644 2023-03-09 2023-03-01 Books Shelf-12, Row-2 1


Copyright © All Rights Reserved by Indian Maritime University, Kochi Campus.
For any Suggestions/Query Contact to library or Email: library.kochi@imu.ac.in Ph:(0484)-2989402
(Web OPAC Designed by Rudra Ranjan. Maintained by IMU Kochi Library)

Powered by Koha